00000000nas 2200000zi 4500
0019.948701
003CaOODSP
00520250305140000
006m     o  d f      
007cr |||||||||||
008250303d19581963onc x m o    f0###|0eng|d
040 |aCaOODSP|beng|erda|cCaOODSP
043 |an-cn---
0861 |aFs52-6E-PDF
24500|aManuscript report series (technological).
264 1|aOttawa : |bFisheries Research Board of Canada, |c1958-1963.
310 |aIrregular
336 |atext|btxt|2rdacontent
337 |acomputer|bc|2rdamedia
338 |aonline resource|bcr|2rdacarrier
3621 |aBegan with : No. 58 (1958); ceased with : no. 63 (1963).
500 |aPlace of publication varies, reports issued by the various experimental stations.
500 |aDigitized edition from print [produced by Department of Fisheries and Oceans].
580 |aMerged with : Manuscript report series (oceanographic and limnological) and Manuscript report series (biological) to become Manuscript report series (Fisheries Research Board of Canada).
650 0|aFisheries|zCanada.
650 0|aMarine biology|zCanada.
650 6|aPêches|zCanada.
650 6|aBiologie marine|zCanada.
7102 |aFisheries Research Board of Canada.
78000|tManuscript reports of the experimental stations.|w(CaOODSP)9.948621
78500|tManuscript report series / |w(CaOODSP)9.871223